Concha Győző ig. és t. tag emlékezete

Elmentve itt :
Bibliográfiai részletek
Szerzők: Berzeviczy Albert
Ereky István
Hegedüs Loránt
Dokumentumtípus: Cikk
Megjelent: 1935
Sorozat:Kolligátum
Kulcsszavak:Emlékbeszéd, Életrajz, Concha Győző
Online Access:http://misc.bibl.u-szeged.hu/22818
LEADER 00636nab a2200193 i 4500
001 misc22818
005 20191222125249.0
008 170724s1935 hu o 0|| zxx d
040 |a SZTE Miscellanea Repozitórium  |b hun 
041 |a zxx 
100 1 |a Berzeviczy Albert 
245 1 0 |a Concha Győző ig. és t. tag emlékezete  |h [elektronikus dokumentum] /  |c  Berzeviczy Albert 
260 |c 1935 
300 |a 1-97 
490 0 |a Kolligátum 
695 |a Emlékbeszéd, Életrajz, Concha Győző 
700 0 1 |a Ereky István  |e aut 
700 0 1 |a Hegedüs Loránt  |e aut 
856 4 0 |u http://misc.bibl.u-szeged.hu/22818/1/03523_001-097.pdf  |z Dokumentum-elérés